| 000 | 00924nam a2200265Ia 4500 | ||
|---|---|---|---|
| 003 | OSt | ||
| 005 | 20220923210956.0 | ||
| 006 | a|||||r|||| 00| 0 | ||
| 007 | ta | ||
| 008 | 220922b |||||||| |||| 00| 0 hin d | ||
| 020 |
_a8126709677 (hbk) _c395 |
||
| 024 | _a317,232 | ||
| 037 |
_b9354, 27/03/2017, Rajkamal Prakashan Pvt. Ltd _cTextual |
||
| 040 |
_aARTS _cARTS _bhin |
||
| 041 |
_2hin _ahin |
||
| 082 | _aO152,3N29,MA, P5 | ||
| 100 |
_aकुंदेरा, मिलान, ले. _9156733 |
||
| 245 | 0 | _aमज़ाक | |
| 246 | _aMaज़āka | ||
| 260 |
_aनयी दिल्ली _b राजकमल प्रकाशन _c2005 |
||
| 300 |
_a390पृ. _ccm. |
||
| 650 | _aहिन्दी कहानी | ||
| 942 |
_hO152,3N29,MA, P5 _cTEXL _2CC |
||
| 999 |
_c293381 _d293381 |
||